Répliques de films cultes - Statistiques

Statistiques générales
  • Ce quiz a été pris 772 fois
  • Le résultat moyen est 10 sur 22
Statistiques - réponses
Réplique Film % Correct
Il s'appelle Juste Leblanc Le dîner de cons
79%
(Bonus, aurait dû exister) non mais Rose y'a de la place pour deux sur cette fichue planche !! Titanic
70%
Ça va être tout noir .... Ta gueule. RRRrrrr
68%
Pas de bras, pas de chocolat. Intouchables
66%
Si tu veux un bon conseil, oublies que tu as aucune chance, on sait jamais sur un malentendu, ça peut marcher. Les bronzés font du ski
66%
Tu es un sorcier Harry... Harry Potter à l'école des sorciers
59%
On ne laisse pas Bébé dans un coin. Dirty dancing
53%
Quand je suis content je vomis, et là je suis hyper content. La cité de la peur
53%
Ssssssplendide !!! The Mask
53%
J'aime me beurrer la biscotte... Oss 117
51%
Adriaaaaaaaaan !!! Rocky
51%
J'ai dégusté son foie avec des fèves aux beurres et un excellent Chianti. Le silence des agneaux
48%
Hasta la vista, baby. Terminator 2
43%
Cent patates !!! Les 3 frères
41%
Oui, oui, c est fait à la main, c'est roulé à la main sous les aisselles... Le Père Noël est une ordure
40%
Les cons ça ose tout, c'est même à ca qu'on les reconnait. Les tontons flingueurs
36%
Je vois des gens qui sont morts. Sixième sens
36%
J'aime l'odeur du napalm le matin. Apocalypse Now
33%
T'es mignon mais t'es un tout petit Breton. La tour Montparnasse Infernale
32%
Fuyez, pauvres fous... La communauté de l'Anneau
23%
Yippee-ki-yay, pauvre con Piège de cristal
21%
Je suis trop vieux pour ces conneries... L'arme fatale
18%
Aucun quiz correspondant
Distribution des résultats
% des personnes avec chaque résultat
Percentile par nombre de réponses
Votre historique - résultats
Vous n’avez pas pris ce quiz